Partisan Gerrymandering and the Construction of American Democracy (Record no. 352999)
[ view plain ]
| 000 -LEADER | |
|---|---|
| fixed length control field | 00695nam a2200133Ia 4500 |
| 008 - FIXED-LENGTH DATA ELEMENTS--GENERAL INFORMATION | |
| fixed length control field | 171212s9999 xx 000 0 und d |
| 100 ## - MAIN ENTRY--PERSONAL NAME | |
| Personal name | Engstrom, Erik |
| 245 ## - TITLE STATEMENT | |
| Statement of responsibility, etc | Engstrom, Erik |
| Title | Partisan Gerrymandering and the Construction of American Democracy |
| 260 ## - PUBLICATION, DISTRIBUTION, ETC. (IMPRINT) | |
| Name of publisher, distributor, etc | University of Michigan Press |
| Date of publication, distribution, etc | 2013 |
| 440 ## - SERIES STATEMENT/ADDED ENTRY--TITLE | |
| Title | Legislative Politics And Policy Making |
| 650 ## - SUBJECT ADDED ENTRY--TOPICAL TERM | |
| Topical term or geographic name as entry element | Gerrymandering -- United States; Apportionment (Election law) -- United States; Election districts -- United States; Voting -- United States; Representative government and representation -- United States; United States -- Politics and government |
| 650 ## - SUBJECT ADDED ENTRY--TOPICAL TERM | |
| Topical term or geographic name as entry element | Political Science |
| 856 ## - ELECTRONIC LOCATION AND ACCESS | |
| Uniform Resource Identifier | <a href="http://jstor.org/stable/j.ctt1gk086k">http://jstor.org/stable/j.ctt1gk086k</a> |
| Withdrawn status | Lost status | Damaged status | Home library | Current library | Date acquired | Total Checkouts | Full call number | Date last seen | Price effective from | Koha item type |
|---|---|---|---|---|---|---|---|---|---|---|
| College Library | College Library | 12/12/2017 | JK1341.E64 2013 | 12/12/2017 | 12/12/2017 | Curriculum - Based eBooks |